Practical formulas for hobby or profit
Saved in:
| Main Author: | |
|---|---|
| Format: | Book |
| Language: | English |
| Published: |
Nueva York
Chemical Publishing Co
1973
|
| Edition: | 1a. ed |
| Subjects: | |
| Tags: |
Add Tag
No Tags, Be the first to tag this record!
|
MARC
| LEADER | 00000cam a2200000 a 4500 | ||
|---|---|---|---|
| 001 | UCC6765 | ||
| 003 | CL-VaPUC | ||
| 008 | 190103e19730000us |||||||||||||||||eng|d | ||
| 082 | 0 | 4 | |a 668 |b GOL |2 21 |
| 100 | 0 | |a Goldschmiedt, Henry |e author |9 601249 | |
| 245 | 1 | 0 | |a Practical formulas for hobby or profit |
| 250 | |a 1a. ed | ||
| 300 | |a 494 p | ||
| 942 | |c BK | ||
| 945 | |d 20190103 17:32:00 |a dcastane | ||
| 260 | |a Nueva York |b Chemical Publishing Co |c 1973 | ||
| 650 | 0 | |a Química orgánica |9 259426 | |
| 650 | 7 | |a COMPUESTOS ORGANICOS |2 CL-VaPUC |9 306788 | |
| 650 | 7 | |a FORMULAS |2 CL-VaPUC |9 326546 | |
| 583 | |a last modification |c 20190103 17:32:00 |k Rodrigo Vera | ||
| 999 | |c 373621 |d 373619 | ||
| 952 | |0 0 |1 0 |3 erd |4 0 |6 668_000000000000000_GOL_1973 |7 0 |8 A |9 491815 |a BIBING |b BIBING |i 5527775 |o 668 GOL 1973 |p 5527775 |r 2025-01-20 |w 2019-11-24 |y BK |z Catalogado en:20190103 |k EIQ | ||